000 01198nam a2200313 a 4500
001 ebr10498843
003 CaPaEBR
006 m u
007 cr cn|||||||||
008 111104s2011 ne a sb 000 0 eng d
020 _z9789056296896
020 _z9789048515080 (e-book)
040 _aCaPaEBR
_cCaPaEBR
035 _a(OCoLC)751962331
050 1 4 _aML3830
_b.H66 2011eb
100 1 _aHoning, Henkjan.
245 1 4 _aThe illiterate listener
_h[electronic resource] :
_bon music cognition, musicality and methodology /
_cHenkjan Honing.
260 _aAmsterdam :
_bVossiuspers UvA,
_c2011.
300 _a24 p. :
_bill.
504 _aIncludes bibliographical references.
533 _aElectronic reproduction.
_bPalo Alto, Calif. :
_cebrary,
_d2011.
_nAvailable via World Wide Web.
_nAccess may be limited to ebrary affiliated libraries.
650 0 _aMusic
_xPsychological aspects.
650 0 _aCognition.
650 0 _aMusical ability.
650 0 _aMusical perception.
655 7 _aElectronic books.
_2local
710 2 _aebrary, Inc.
856 4 0 _uhttp://site.ebrary.com/lib/rucke/Doc?id=10498843
_zAn electronic book accessible through the World Wide Web; click to view
999 _c242639
_d242639